Statistiques concernant Secret Story 9 - Candidats

Cliquez ici pour prendre le quiz!

Statistiques générales

  • Ce quiz a été pris 297 fois
  • Le résultat moyen est 12 sur 16

Statistiques - réponses

Réponse% Correct
Emilie
95%
Coralie
93%
Loic
91%
Rémi
91%
Ali
90%
Alia
89%
Mélanie
88%
Karisma
80%
Jonathan
79%
Nicolas
75%
Manon
64%
Arthur
57%
Kevin
50%
Vanessa
50%
Claudia
48%
Tony
42%

Distribution des résultats

Percentile par nombre de réponses

% des personnes avec chaque résultat

Votre développement - résultats

Vous n’avez pas pris ce quiz